Temporal

Guardat en:
Dades bibliogràfiques
Autor principal: Parra, Nicanor (Parra Sandoval, Nicanor) (autor)
Format: Llibre
Idioma:espanyol
Publicat: Santiago Ediciones Universidad Diego Portales 2014
Edició:1a. ed
Matèries:
Etiquetes: Afegir etiqueta
Sense etiquetes, Sigues el primer a etiquetar aquest registre!

MARC

LEADER 00000cam a2200000 a 4500
001 UCE3766
003 CL-VaPUC
005 20230531074417.0
008 140925e20140600cl |||||||||||||||||spa|d
999 |c 356927  |d 356925 
020 |a 9789563142792 
040 |c Pontificia Universidad Católica de Valparaíso 
082 0 4 |a Ch861  |b PAR  |2 21 
100 |a Parra, Nicanor   |q (Parra Sandoval, Nicanor)  |e autor  |9 310550 
245 1 0 |a Temporal 
250 |a 1a. ed 
260 |a Santiago  |b Ediciones Universidad Diego Portales  |c 2014 
300 |a 58 p 
583 |a last modification  |c 20140925 17:45:00  |k Rodrigo Vera 
650 0 |a Poesías chilenas   |9 265280 
650 0 |a Literatura chilena   |9 308278 
942 |c BK  |2 ddc 
945 |d 20140925 17:45:00  |a arojas 
952 |0 0  |1 0  |3 erb  |4 0  |6 CH_861_000000000000000_PAR_2014  |7 0  |8 A  |9 464702  |a BIBART  |b BIBART  |i 5114853  |l 1  |o Ch861 PAR 2014  |p 5114853  |r 2025-03-13  |s 2024-11-27  |w 2019-11-23  |y BK  |z Catalogado en:20140925  |k ART